01012cam a22002531 4500001001300000003000400013005001700017008004100034010001700075035002000092040004700112042001200159050002600171051002200197100004100219245006900260260007100329300003000400490005500430501016300485650002700648830006600675999001700741e 52000034 DLC20260227111234.0850516s1952 dcua f000 0 eng c ae 52000034  a(OCoLC)12044560 aU.S. Office of EducationcNBuUdOCoLCdDLC apremarc00aL111b.A6 1952, no. 4 aKF4143b.J44 19521 aJeffers, Myrtis Merrit Keels,d1908-10aState provisions for school lunch programs;blaws and personnel. a[Washington]bFederal Security Agency, Office of Educationc[1952] aiv, 40 p.billus.c23 cm.1 a[U.S.] Office of Education. Bulletin, 1952,vno. 4 aCopies 1 and 2 of L111.A6 with: Know your school law / Ward W. Keesecker. Washington : Govt. Print. Off., 1952. Bound together subsequent to publication.5DLC 0aSchool childrenxFood. 0aBulletin (United States. Office of Education) ;v1952, no. 4. c22174d22174